00525nam a2200193 a 4500001001300000003000900013005001700022008004100039020002300080082001500103100002200118245004200140260004400182300000900226500003500235505001700270650002200287700002200309nice12345678IN_TiNIC20260116014712.0120109s2011 lona grp 000 0 eng  a9780198069126c69500a291.4bSCH aSchelling, Andrew aOxford Anthology of Bhakti Literature aLondan bOxford University Press c2011 a273p aincludes index and biblioraphy2 aBibliography aBhakti-Literature1 aSchelling, Andrew